| 000 | 00737nam a2200217Ia 4500 | ||
|---|---|---|---|
| 001 | 14035 | ||
| 003 | GE_BSU | ||
| 008 | 181216s||||||||xx |||||||||||||| ||und|| | ||
| 040 | _cGE_BSU | ||
| 080 | _a624.012.45 | ||
| 100 | _aГолышев,А.Б. Бачинский,В.Я. Полищук,В.П. и др. | ||
| 245 | _aПроектирование железобетонных конструкций. | ||
| 245 | _bСправочное пособие. | ||
| 245 | _cПод ред. А.Б.Голышева. | ||
| 260 | _aКиев. | ||
| 260 | _bБудiвельник. | ||
| 260 | _c1985. | ||
| 300 | _a496 стр. 27 см. | ||
| 653 | _aПроектирование железобетонных конструкций. | ||
| 942 | _cBK | ||
| 999 |
_c47177 _d47177 |
||